00494nam a2200169Ia 4500008004100000020001800041041001200059082001900071100005100090245005500141250001200196260002500208300001400233300001000247440004100257650002600298231221s9999 xx 000 0 und d a9780000000000 aEnglish a658.076 MUN;7 aMuneer, Muhammed.Venkataramani,G. Regina, C A. 0aHow to prepare for the CAT : common admission test a3rd ed. c2007bTMHaNew Delhi axiii, 551 c68412 aTata Mcgraw-hill winning edge series aprepare,CAT,admission